La protección constitucional del ciudadano : (Registro nro. 24350)
[ vista simple ]
| 000 -Cabecera | |
|---|---|
| Campo de control interno | 00509nam a2200181Ia 4500 |
| 005 - Fecha y hora del registro | |
| control field | 20260414151037.0 |
| 008 - Elementos de Longitud Fija | |
| fixed length control field | 260414t1999||||xx |||||||||||||| ||spa|| |
| 041 ## - Idioma | |
| Codigo Idioma | ESP |
| 082 ## - DEWEY y NOTACIÓN INTERNA | |
| Dewey | 345.52 |
| Notación Interna | A13 |
| 100 ## - AUTOR | |
| Autor denominación | Aberastury, Pedro [autor] |
| Término de relación | autor |
| 245 #0 - TÍTULO DE MATERIAL BIBLIOGRÁFICO | |
| Título | La protección constitucional del ciudadano : |
| Título paralelo | Argentina, Brasil, Chile, Colombia, Costa Rica y Venezuela |
| 260 ## - CIUDAD, EDITORIAL, AÑO | |
| Año | 1999 |
| 300 ## - DESCRIPCIÓN | |
| N° Páginas | 255 páginas : |
| Dimensiones | 21 cm. |
| 650 ## - TEMAS | |
| Temas | Derecho |
| 654 ## - PROGRAMAS | |
| Programa | Dpto. de Derecho y Ciencia Política |
| 942 ## - ELEMENTOS DE KOHA | |
| Tipo de documento | Libro |
| Nombre del creador | Justo Noguera |
| Código de catalogador | Justo Noguera |
| Esquema de clasificación | Dewey Decimal Classification |
| Suppress in OPAC | |
| Codigo completo | Registro | Colección | Copia número | Disponibilidad | Tipo de préstamo | Biblioteca Actual | Procedencia (Biblioteca) | Ubicacón | Fecha Ingreso | Tipo de Adquisición | Date last seen | Total checkouts | Price effective from | Tipo de Item | Estado del Material | Damaged status | Withdrawn status |
|---|---|---|---|---|---|---|---|---|---|---|---|---|---|---|---|---|---|
| 345.52 A13 | U0001451 | Universidad Católica San Pablo | 1 | Disponible | Disponible | Víctor Andrés Belaunde | Víctor Andrés Belaunde | Primer piso | 14/04/2026 | Donación | 14/04/2026 | 14/04/2026 | Libro | Bueno |




